000 01980nam0a2200409 4500
001 RU\NLR\bibl\1341569
005 20250615170902.0
021 _aRU
_b2009-1226
_965
035 _a(nilc)RSL-KNO-004225359
035 _a(NLR Aleph) 001326724
090 _a774482
_c774482
100 _a20090218d2008 |||y0rusy50 ca
101 0 _arus
_deng
102 _aRU
105 _aa zzzz|||||
200 1 _aДва варианта инжекции тяжелых ионов в бустер нуклотрона
_fС. Н. Доля, К. А. Решетникова
210 _aДубна
_cОбъединенный ин-т ядерных исследований
_d2008
215 _a17, [1] с.
_cил., табл.
_d21
225 1 _aСообщения Объединенного института ядерных исследований
_vР9-2008-76
300 _aРез. на англ. яз.
320 _aБиблиогр. в конце кн. (3 назв.)
606 1 _aТяжелые ионы
_xУскорение
_92523831
_3RU\NLR\auth\661495360
606 1 _aНуклотроны
_xИнжекторы
_91212475
_3RU\NLR\auth\66492335
610 0 _aФизико-математические науки -- Физика -- Физика атомного ядра и элементарных частиц -- Экспериментальные методы и аппаратура -- Ускорители заряженных частиц -- Пучки тяжелых ионов от ускорителей -- Ускоряющие системы
610 0 _aинжекции тяжелых ионов
610 0 _aнуклотроны
686 _aВ381.105.504.4,09
_2rubbk
686 _aВ381.1
700 1 _aДоля
_bС. Н.
_4070
701 1 _aРешетникова
_bК. А.
_4070
801 0 _aRU
_bРКП
_c20090218
_grcr
801 1 _aRU
_bРГБ
_c20090218
801 2 _aRU
_bNLR
_c20090317
_grcr
942 _cBOOK
980 _aNB
980 _aNBR